Copolymers in the preparation of parenteral drug delivery systems (Record no. 164189)
[ view plain ]
| 000 -LEADER | |
|---|---|
| fixed length control field | 01800nam a2200349 a 4500 |
| 082 04 - DEWEY DECIMAL CLASSIFICATION NUMBER | |
| Classification number | 615/.7 |
| 245 00 - TITLE STATEMENT | |
| Title | Copolymers in the preparation of parenteral drug delivery systems |
| 260 ## - PUBLICATION, DISTRIBUTION, ETC. (IMPRINT) | |
| Place of publication | New York : |
| Name of publisher | Nova Science Publishers, |
| Year of publication | c2010. |
| 300 ## - PHYSICAL DESCRIPTION | |
| Number of Pages | 90 p. : |
| Other physical details | ill. |
| 490 1# - SERIES STATEMENT | |
| Series statement | Polymer science and technology |
| 505 0# - FORMATTED CONTENTS NOTE | |
| Formatted contents note | Definition and classification of block copolymers -- Synthesis of block copolymers from PEO and lactones -- Mechanism of copolymerization from PEO and lactone -- Physico-chemical properties of block copolymers from PEO and lactones -- Degradation of ABA triblock copolymers based on PEO and polyesters -- Parenteral drug delivery systems based on ABA polymers -- Overview on sterilization techniques for block copolymers. |
| 650 #0 - SUBJECT ADDED ENTRY--TOPICAL TERM | |
| Topical Term | Polymeric drug delivery systems. |
| 700 1# - ADDED ENTRY--PERSONAL NAME | |
| Personal name | Dorati, Rossella. |
| 856 40 - ELECTRONIC LOCATION AND ACCESS | |
| Uniform Resource Identifier | http://site.ebrary.com/lib/rucke/Doc?id=10675186 |
No items available.
